[Event "1st Sivas Buruciye Open 2019"]
[Site "Sivas"]
[Date "2019.08.21"]
[Round "5"]
[White "Bogaakca, Mehmet"]
[Black "Kiziltas, Inanc Vefa"]
[Result "1/2-1/2"]
[WhiteElo "1665"]
[BlackElo "1826"]
[Annotator "NA"]
[PlyCount "43"]
[EventDate "2019.08.19"]
[EventType "swiss"]
[EventCountry "TUR"]
[SourceTitle "playchess.com"]
[Source "ChessBase"]
[SourceQuality "1"]
[TimeControl "5400+30"]

1. e4 {[%emt 0:13:30]} c6 {[%emt 0:00:30]} 2. d4 {[%emt 0:00:30]} d5 {[%emt 0:00:30]} 3. Nc3 {[%emt 0:00:30]} dxe4 {[%emt 0:00:30]} 4. Nxe4 {[%emt 0:00:30]} Nf6 {[%emt 0:00:30]} 5. Ng3 {[%emt 0:00:30]} e5 {[%emt 0:00:30]} 6. Nf3 {[%emt 0:02:30]} exd4 {[%emt 0:06:30]} 7. Qxd4 {[%emt 0:00:30]} Qxd4 {[%emt 0:01:30]} 8. Nxd4 {[%emt 0:00:00]} Bc5 {[%emt 0:00:30]} 9. Be3 {[%emt 0:00:00]} O-O {[%emt 0:02:30]} 10. Ndf5 {[%emt 0:02:30]} Bxe3 {[%emt 0:05:30]} 11. Nxe3 {[%emt 0:00:30]} Be6 {[%emt 0:00:30]} 12. O-O-O {[%emt 0:00:30]} Nbd7 {[%emt 0:01:30]} 13. Bc4 {[%emt 0:05:30]} Nc5 {[%emt 0:06:30]} 14. Bxe6 {[%emt 0:03:30]} Nxe6 {[%emt 0:00:00]} 15. Ngf5 {[%emt 0:00:30]} Ne4 {[%emt 0:00:00]} 16. Rhf1 {[%emt 0:00:30]} g6 {[%emt 0:00:30]} 17. Nd6 {[%emt 0:00:30]} Nxd6 {[%emt 0:00:00]} 18. Rxd6 {[%emt 0:00:30]} Rfd8 {[%emt 0:00:00]} 19. Rfd1 {[%emt 0:00:30]} Rxd6 {[%emt 0:00:30]} 20. Rxd6 {[%emt 0:00:00]} Rd8 {[%emt 0:00:00]} 21. Rxd8+ {[%emt 0:00:00]} Nxd8 {[%emt 0:00:00]} 22. Kd2 {[%emt 0:00:30]} 1/2-1/2

[Event "1st Sivas Buruciye Open 2019"]
[Site "Sivas"]
[Date "2019.08.21"]
[Round "5"]
[White "Altundal, Arda"]
[Black "Ercan, Mehmet Fahri"]
[Result "1-0"]
[WhiteElo "1659"]
[BlackElo "1854"]
[Annotator "NA"]
[PlyCount "81"]
[EventDate "2019.08.19"]
[EventType "swiss"]
[EventCountry "TUR"]
[SourceTitle "playchess.com"]
[Source "ChessBase"]
[SourceQuality "1"]
[TimeControl "5400+30"]

1. e4 {[%emt 0:00:30]} c5 {[%emt 0:05:30]} 2. Nf3 {[%emt 0:00:00]} d6 {[%emt 0:00:30]} 3. d4 {[%emt 0:00:00]} cxd4 {[%emt 0:00:00]} 4. Nxd4 {[%emt 0:00:30]} Nf6 {[%emt 0:00:00]} 5. Nc3 {[%emt 0:00:00]} Bd7 {[%emt 0:00:00]} 6. g3 {[%emt 0:14:00]} Nc6 {[%emt 0:02:00]} 7. Bg2 {[%emt 0:01:30]} a6 {[%emt 0:03:30]} 8. O-O {[%emt 0:04:30]} g6 {[%emt 0:00:30]} 9. Nxc6 {[%emt 0:03:30]} bxc6 {[%emt 0:01:30]} 10. Qe2 {[%emt 0:07:30]} Qc7 {[%emt 0:01:30]} 11. h3 {[%emt 0:04:30]} Bg7 {[%emt 0:00:30]} 12. Be3 {[%emt 0:00:30]} O-O {[%emt 0:00:30]} 13. f4 {[%emt 0:05:30]} Rfb8 {[%emt 0:10:30]} 14. Rfb1 {[%emt 0:02:30]} a5 {[%emt 0:03:30]} 15. Kh2 {[%emt 0:06:30]} Rb7 {[%emt 0:02:30]} 16. a4 {[%emt 0:05:30]} Rab8 {[%emt 0:04:30]} 17. Ra2 {[%emt 0:03:30]} Be6 {[%emt 0:02:30]} 18. b3 {[%emt 0:00:00]} Nd7 {[%emt 0:14:30]} 19. Bd2 {[%emt 0:03:00]} Nc5 {[%emt 0:02:30]} 20. Rf1 {[%emt 0:04:30]} f5 {[%emt 0:08:30]} 21. Qe3 {[%emt 0:06:30]} Qd7 {[%emt 0:14:30]} 22. exf5 {[%emt 0:03:30]} gxf5 {[%emt 0:00:30]} 23. Ne2 {[%emt 0:00:30]} Ra8 {[%emt 0:10:00]} 24. Bc3 {[%emt 0:06:51]} Bxc3 {[%emt 0:02:51]} 25. Nxc3 {[%emt 0:00:00]} Na6 {[%emt 0:01:33]} 26. Bxc6 {[%emt 0:00:30]} Qxc6 {[%emt 0:00:56]} 27. Qxe6+ {[%emt 0:00:07]} Kh8 {[%emt 0:00:03]} 28. Nb5 {[%emt 0:01:58]} Nb4 {[%emt 0:00:50]} 29. Rb2 {[%emt 0:00:28]} Rf8 {[%emt 0:00:29]} 30. c4 {[%emt 0:01:57]} Nd3 {[%emt 0:00:49]} 31. Rd2 {[%emt 0:01:24]} Nc5 {[%emt 0:00:28]} 32. Qe3 {[%emt 0:00:45]} Ne4 {[%emt 0:00:24]} 33. Qd4+ {[%emt 0:02:40]} Rf6 {[%emt 0:04:01]} 34. Re2 {[%emt 0:01:04]} Qc5 {[%emt 0:01:21]} 35. g4 {[%emt 0:03:31]} Rxb5 {[%emt 0:00:35]} 36. Qb2 {[%emt 0:00:52]} Rb8 {[%emt 0:00:58]} 37. g5 {[%emt 0:00:30]} Rbf8 {[%emt 0:00:30]} 38. gxf6 {[%emt 0:00:05]} Rxf6 {[%emt 0:02:10]} 39. Rg1 {[%emt 0:00:32]} Qb4 {[%emt 0:00:41]} 40. Reg2 {[%emt 0:00:16]} h5 {[%emt 0:00:19]} 41. Qe2 {[%emt 0:00:45]} 1-0

[Event "1st Sivas Buruciye Open 2019"]
[Site "Sivas"]
[Date "2019.08.21"]
[Round "5"]
[White "Citil, Feyzullah"]
[Black "Subasi, Fidel"]
[Result "1/2-1/2"]
[WhiteElo "1586"]
[BlackElo "1683"]
[Annotator "NA"]
[PlyCount "119"]
[EventDate "2019.08.19"]
[EventType "swiss"]
[EventCountry "TUR"]
[SourceTitle "playchess.com"]
[Source "ChessBase"]
[SourceQuality "1"]
[TimeControl "5400+30"]

1. e4 {[%emt 0:08:30]} e6 {[%emt 0:00:30]} 2. d4 {[%emt 0:00:30]} d5 {[%emt 0:00:00]} 3. exd5 {[%emt 0:02:30]} exd5 {[%emt 0:00:00]} 4. Bd3 {[%emt 0:00:00]} c5 {[%emt 0:00:30]} 5. c3 {[%emt 0:07:00]} Nc6 {[%emt 0:00:30]} 6. Nf3 {[%emt 0:01:30]} Nf6 {[%emt 0:00:00]} 7. O-O {[%emt 0:06:30]} Be7 {[%emt 0:02:00]} 8. h3 {[%emt 0:03:30]} O-O {[%emt 0:00:30]} 9. Re1 {[%emt 0:01:30]} h6 {[%emt 0:05:30]} 10. Nbd2 {[%emt 0:02:30]} cxd4 {[%emt 0:07:30]} 11. cxd4 {[%emt 0:01:30]} Bd6 {[%emt 0:06:30]} 12. Nf1 {[%emt 0:07:30]} Be6 {[%emt 0:06:30]} 13. Bd2 {[%emt 0:12:30]} Re8 {[%emt 0:07:30]} 14. Rc1 {[%emt 0:00:30]} Qb6 {[%emt 0:03:30]} 15. b4 {[%emt 0:08:30]} Ne4 {[%emt 0:08:30]} 16. Bxe4 {[%emt 0:07:30]} dxe4 {[%emt 0:00:30]} 17. Rxe4 {[%emt 0:00:00]} Bxa2 {[%emt 0:02:30]} 18. Rxe8+ {[%emt 0:05:00]} Rxe8 {[%emt 0:00:00]} 19. Qa4 {[%emt 0:00:30]} Bd5 {[%emt 0:03:00]} 20. b5 {[%emt 0:02:58]} Bxf3 {[%emt 0:01:30]} 21. gxf3 {[%emt 0:01:41]} Qxd4 {[%emt 0:02:30]} 22. Ra1 {[%emt 0:00:20]} Qxa4 {[%emt 0:09:30]} 23. Rxa4 {[%emt 0:01:45]} Ne5 {[%emt 0:02:30]} 24. Be3 {[%emt 0:04:49]} Nxf3+ {[%emt 0:01:30]} 25. Kg2 {[%emt 0:03:44]} Ne1+ {[%emt 0:01:30]} 26. Kh1 {[%emt 0:05:01]} Re5 {[%emt 0:07:30]} 27. Bf4 {[%emt 0:02:30]} Re6 {[%emt 0:00:30]} 28. Bxd6 {[%emt 0:00:32]} Rxd6 {[%emt 0:01:59]} 29. Rxa7 {[%emt 0:00:03]} b6 {[%emt 0:02:24]} 30. Ne3 {[%emt 0:01:00]} Nf3 {[%emt 0:00:58]} 31. Nf5 {[%emt 0:01:51]} Rd1+ {[%emt 0:02:14]} 32. Kg2 {[%emt 0:00:11]} Ne1+ {[%emt 0:00:35]} 33. Kf1 {[%emt 0:00:41]} Rb1 {[%emt 0:00:56]} 34. Ke2 {[%emt 0:00:10]} Nc2 {[%emt 0:08:38]} 35. Kd3 {[%emt 0:01:59]} Nb4+ {[%emt 0:00:30]} 36. Kc4 {[%emt 0:00:00]} g6 {[%emt 0:03:00]} 37. Nxh6+ {[%emt 0:00:00]} Kg7 {[%emt 0:01:38]} 38. Nxf7 {[%emt 0:00:03]} Kf6 {[%emt 0:00:32]} 39. Nd6 {[%emt 0:00:34]} Ke6 {[%emt 0:00:53]} 40. Ne4 {[%emt 0:00:55]} Nd5 {[%emt 0:00:53]} 41. Ng5+ {[%emt 0:00:49]} Ke5 {[%emt 0:00:44]} 42. f4+ {[%emt 0:00:30]} Nxf4 {[%emt 0:00:30]} 43. Nf3+ {[%emt 0:00:30]} Kd6 {[%emt 0:00:30]} 44. Rf7 {[%emt 0:00:56]} Nd5 {[%emt 0:01:10]} 45. Nd4 {[%emt 0:00:39]} Rb4+ {[%emt 0:00:51]} 46. Kd3 {[%emt 0:00:05]} Kc5 {[%emt 0:00:39]} 47. Ne6+ {[%emt 0:00:53]} Kxb5 {[%emt 0:00:14]} 48. Rg7 {[%emt 0:00:46]} Rh4 {[%emt 0:00:56]} 49. Rxg6 {[%emt 0:00:39]} Rxh3+ {[%emt 0:00:48]} 50. Kd4 {[%emt 0:00:09]} Nb4 {[%emt 0:00:08]} 51. Nc7+ {[%emt 0:00:30]} Ka5 {[%emt 0:00:22]} 52. Rg1 {[%emt 0:00:38]} Rd3+ {[%emt 0:00:43]} 53. Kc4 {[%emt 0:00:14]} Ra3 {[%emt 0:00:29]} 54. Rg8 {[%emt 0:00:45]} Na6 {[%emt 0:00:37]} 55. Nxa6 {[%emt 0:00:21]} b5+ {[%emt 0:00:21]} 56. Kd4 {[%emt 0:00:49]} Ra4+ {[%emt 0:00:13]} 57. Kd5 {[%emt 0:00:00]} Kxa6 {[%emt 0:00:44]} 58. Ra8+ {[%emt 0:00:00]} Kb6 {[%emt 0:00:08]} 59. Rxa4 {[%emt 0:00:20]} bxa4 {[%emt 0:00:30]} 60. Ke4 {[%emt 0:00:30]} 1/2-1/2

[Event "1st Sivas Buruciye Open 2019"]
[Site "Sivas"]
[Date "2019.08.21"]
[Round "5"]
[White "Ismayilov, Arturan"]
[Black "Capraz, Arda"]
[Result "1-0"]
[WhiteElo "1561"]
[BlackElo "1384"]
[Annotator "NA"]
[PlyCount "107"]
[EventDate "2019.08.19"]
[EventType "swiss"]
[EventCountry "TUR"]
[SourceTitle "playchess.com"]
[Source "ChessBase"]
[SourceQuality "1"]
[TimeControl "5400+30"]

1. e4 {[%emt 0:00:30]} e5 {[%emt 0:00:30]} 2. Nf3 {[%emt 0:00:30]} Nc6 {[%emt 0:00:30]} 3. Bb5 {[%emt 0:00:30]} Nf6 {[%emt 0:02:30]} 4. O-O {[%emt 0:00:30]} d6 {[%emt 0:00:30]} 5. Re1 {[%emt 0:02:30]} Bg4 {[%emt 0:02:30]} 6. h3 {[%emt 0:00:30]} Bxf3 {[%emt 0:01:30]} 7. Qxf3 {[%emt 0:00:30]} Be7 {[%emt 0:00:00]} 8. c3 {[%emt 0:00:00]} O-O {[%emt 0:03:00]} 9. d3 {[%emt 0:00:00]} Nd7 {[%emt 0:09:30]} 10. Nd2 {[%emt 0:01:30]} Bg5 {[%emt 0:02:30]} 11. Nf1 {[%emt 0:04:30]} Bxc1 {[%emt 0:00:30]} 12. Raxc1 {[%emt 0:00:30]} Qf6 {[%emt 0:03:30]} 13. Qg3 {[%emt 0:01:30]} Qg6 {[%emt 0:03:30]} 14. Qxg6 {[%emt 0:00:30]} hxg6 {[%emt 0:01:30]} 15. Ne3 {[%emt 0:00:30]} a6 {[%emt 0:07:30]} 16. Ba4 {[%emt 0:01:30]} Nc5 {[%emt 0:16:30]} 17. Bc2 {[%emt 0:00:30]} Ne6 {[%emt 0:00:30]} 18. Nd5 {[%emt 0:02:30]} Rac8 {[%emt 0:11:30]} 19. Bb3 {[%emt 0:00:30]} Nf4 {[%emt 0:00:30]} 20. Nxf4 {[%emt 0:00:30]} exf4 {[%emt 0:00:00]} 21. Bd5 {[%emt 0:00:30]} Rb8 {[%emt 0:01:00]} 22. d4 {[%emt 0:01:30]} Rfe8 {[%emt 0:01:30]} 23. g3 {[%emt 0:00:30]} fxg3 {[%emt 0:03:30]} 24. fxg3 {[%emt 0:00:30]} Re7 {[%emt 0:00:30]} 25. Rf1 {[%emt 0:00:30]} Rf8 {[%emt 0:00:00]} 26. Rf4 {[%emt 0:00:30]} Nd8 {[%emt 0:02:00]} 27. h4 {[%emt 0:08:30]} Ne6 {[%emt 0:01:30]} 28. Rf2 {[%emt 0:01:30]} c6 {[%emt 0:01:30]} 29. Bb3 {[%emt 0:02:30]} Nc7 {[%emt 0:05:00]} 30. Re1 {[%emt 0:00:30]} d5 {[%emt 0:00:34]} 31. e5 {[%emt 0:03:30]} Re6 {[%emt 0:02:31]} 32. Bc2 {[%emt 0:04:30]} Ne8 {[%emt 0:09:33]} 33. Kf1 {[%emt 0:00:30]} f6 {[%emt 0:01:01]} 34. Bxg6 {[%emt 0:01:30]} fxe5 {[%emt 0:00:01]} 35. Rxf8+ {[%emt 0:00:00]} Kxf8 {[%emt 0:00:35]} 36. Bxe8 {[%emt 0:00:00]} Kxe8 {[%emt 0:00:04]} 37. Rxe5 {[%emt 0:00:30]} Rxe5 {[%emt 0:00:30]} 38. dxe5 {[%emt 0:00:30]} Ke7 {[%emt 0:00:30]} 39. Ke2 {[%emt 0:00:30]} Ke6 {[%emt 0:00:00]} 40. Ke3 {[%emt 0:00:00]} Kxe5 {[%emt 0:00:00]} 41. b4 {[%emt 0:00:00]} b6 {[%emt 0:01:10]} 42. a4 {[%emt 0:00:30]} a5 {[%emt 0:01:19]} 43. bxa5 {[%emt 0:00:30]} bxa5 {[%emt 0:00:05]} 44. g4 {[%emt 0:00:30]} c5 {[%emt 0:00:17]} 45. h5 {[%emt 0:00:00]} Kf6 {[%emt 0:00:21]} 46. Kf4 {[%emt 0:02:00]} g5+ {[%emt 0:04:02]} 47. hxg6 {[%emt 0:00:00]} Kxg6 {[%emt 0:00:06]} 48. Ke5 {[%emt 0:00:00]} d4 {[%emt 0:00:00]} 49. cxd4 {[%emt 0:00:30]} c4 {[%emt 0:02:01]} 50. Ke4 {[%emt 0:00:30]} Kg5 {[%emt 0:00:00]} 51. d5 {[%emt 0:00:00]} c3 {[%emt 0:00:26]} 52. Kd3 {[%emt 0:00:00]} c2 {[%emt 0:00:30]} 53. Kxc2 {[%emt 0:00:30]} Kxg4 {[%emt 0:00:00]} 54. d6 {[%emt 0:00:00]} 1-0

[Event "1st Sivas Buruciye Open 2019"]
[Site "Sivas"]
[Date "2019.08.21"]
[Round "5"]
[White "Babayeva, Nasrin"]
[Black "Aydin, Mehmet Asaf"]
[Result "1-0"]
[WhiteElo "1547"]
[BlackElo "1292"]
[Annotator "NA"]
[PlyCount "89"]
[EventDate "2019.08.19"]
[EventType "swiss"]
[EventCountry "TUR"]
[SourceTitle "playchess.com"]
[Source "ChessBase"]
[SourceQuality "1"]
[TimeControl "5400+30"]

1. c4 {[%emt 0:00:30]} e5 {[%emt 0:00:30]} 2. g3 {[%emt 0:00:30]} Nf6 {[%emt 0:00:30]} 3. Bg2 {[%emt 0:00:30]} Bc5 {[%emt 0:00:30]} 4. Nc3 {[%emt 0:00:00]} d6 {[%emt 0:02:30]} 5. Nf3 {[%emt 0:00:00]} Be6 {[%emt 0:00:30]} 6. O-O {[%emt 0:00:30]} Nc6 {[%emt 0:00:30]} 7. d3 {[%emt 0:00:00]} h6 {[%emt 0:03:30]} 8. a3 {[%emt 0:00:00]} a5 {[%emt 0:00:30]} 9. Na4 {[%emt 0:00:30]} Ba7 {[%emt 0:03:30]} 10. Bd2 {[%emt 0:00:30]} O-O {[%emt 0:01:30]} 11. b4 {[%emt 0:05:30]} axb4 {[%emt 0:00:30]} 12. axb4 {[%emt 0:00:30]} d5 {[%emt 0:01:30]} 13. b5 {[%emt 0:02:30]} e4 {[%emt 0:03:30]} 14. bxc6 {[%emt 0:07:30]} exf3 {[%emt 0:00:30]} 15. Bxf3 {[%emt 0:00:30]} bxc6 {[%emt 0:00:00]} 16. c5 {[%emt 0:01:30]} Bh3 {[%emt 0:01:00]} 17. Bg2 {[%emt 0:01:30]} Bxg2 {[%emt 0:00:30]} 18. Kxg2 {[%emt 0:00:00]} d4 {[%emt 0:00:00]} 19. e4 {[%emt 0:02:00]} dxe3 {[%emt 0:00:00]} 20. Bxe3 {[%emt 0:00:30]} Qd5+ {[%emt 0:00:30]} 21. Qf3 {[%emt 0:00:00]} Qxd3 {[%emt 0:02:30]} 22. Qxc6 {[%emt 0:00:00]} Nd5 {[%emt 0:02:30]} 23. Rfe1 {[%emt 0:01:30]} Nxe3+ {[%emt 0:01:30]} 24. Rxe3 {[%emt 0:00:30]} Qd4 {[%emt 0:01:30]} 25. Rea3 {[%emt 0:01:30]} f5 {[%emt 0:02:30]} 26. R1a2 {[%emt 0:08:30]} f4 {[%emt 0:00:30]} 27. Rf3 {[%emt 0:06:30]} fxg3 {[%emt 0:01:30]} 28. hxg3 {[%emt 0:04:30]} Qd1 {[%emt 0:06:30]} 29. Raa3 {[%emt 0:10:30]} Rae8 {[%emt 0:03:30]} 30. Nb2 {[%emt 0:01:30]} Qc1 {[%emt 0:01:30]} 31. Rxa7 {[%emt 0:02:30]} Qxb2 {[%emt 0:00:30]} 32. Rxc7 {[%emt 0:00:30]} Qe2 {[%emt 0:01:30]} 33. Qd5+ {[%emt 0:02:30]} Kh8 {[%emt 0:00:00]} 34. Rcf7 {[%emt 0:01:30]} Rxf7 {[%emt 0:02:00]} 35. Qxf7 {[%emt 0:00:30]} Rc8 {[%emt 0:02:30]} 36. Qf5 {[%emt 0:05:30]} Qe8 {[%emt 0:02:30]} 37. Re3 {[%emt 0:02:30]} Qc6+ {[%emt 0:00:30]} 38. Kh2 {[%emt 0:00:00]} Qa8 {[%emt 0:01:30]} 39. Re7 {[%emt 0:01:00]} Rf8 {[%emt 0:00:30]} 40. Rf7 {[%emt 0:00:00]} Rxf7 {[%emt 0:01:30]} 41. Qxf7 {[%emt 0:00:00]} Qc6 {[%emt 0:00:30]} 42. Qf8+ {[%emt 0:00:30]} Kh7 {[%emt 0:00:30]} 43. Qd6 {[%emt 0:00:30]} Qf3 {[%emt 0:00:00]} 44. Kg1 {[%emt 0:00:30]} Qc3 {[%emt 0:02:00]} 45. c6 {[%emt 0:00:00]} 1-0

[Event "1st Sivas Buruciye Open 2019"]
[Site "Sivas"]
[Date "2019.08.22"]
[Round "6"]
[White "Annaberdiev, Meilis"]
[Black "Ghaffarifar, Matin"]
[Result "1-0"]
[WhiteElo "2518"]
[BlackElo "2082"]
[Annotator "ChessBase"]
[PlyCount "65"]
[EventDate "2019.08.19"]
[EventType "swiss"]
[EventCountry "TUR"]
[SourceTitle "playchess.com"]
[Source "ChessBase"]
[SourceQuality "1"]
[TimeControl "5400+30"]

1. d4 Nf6 2. Nf3 e6 3. Bg5 b6 4. Nbd2 Bb7 5. e3 Be7 6. Bd3 O-O 7. O-O c5 8. c3 d6 9. Qe2 cxd4 10. cxd4 Nd5 11. Bxe7 Qxe7 12. a3 Nd7 13. g3 N5f6 14. Ba6 Nb8 15. Bxb7 Qxb7 16. e4 Nc6 17. Rac1 d5 18. e5 Nd7 19. Qd3 Rfc8 20. Ng5 Nf8 21. f4 Ne7 22. Ngf3 Rxc1 23. Rxc1 Rc8 24. Rc3 Rc6 25. Kf2 Nd7 26. Ng5 g6 27. g4 a5 28. a4 Rxc3 29. Qxc3 h6 30. Ngf3 Nc6 31. f5 Nb4 32. f6 Nb8 33. Qe3 1-0

[Event "1st Sivas Buruciye Open 2019"]
[Site "Sivas"]
[Date "2019.08.22"]
[Round "6"]
[White "Bagaturov, Giorgi"]
[Black "Arman, Deniz"]
[Result "1-0"]
[WhiteElo "2417"]
[BlackElo "2347"]
[Annotator "NA"]
[PlyCount "75"]
[EventDate "2019.08.19"]
[EventType "swiss"]
[EventCountry "TUR"]
[SourceTitle "playchess.com"]
[Source "ChessBase"]
[SourceQuality "1"]
[TimeControl "5400+30"]

1. c4 {[%emt 0:00:30]} Nf6 {[%emt 0:01:30]} 2. Nc3 {[%emt 0:00:30]} e5 {[%emt 0:01:30]} 3. g3 {[%emt 0:00:30]} d5 {[%emt 0:01:30]} 4. cxd5 {[%emt 0:00:30]} Nxd5 {[%emt 0:00:30]} 5. Bg2 {[%emt 0:00:30]} Nb6 {[%emt 0:00:30]} 6. Nf3 {[%emt 0:00:30]} Nc6 {[%emt 0:00:00]} 7. O-O {[%emt 0:00:00]} Be7 {[%emt 0:00:00]} 8. d3 {[%emt 0:00:00]} O-O {[%emt 0:00:00]} 9. a3 {[%emt 0:00:30]} f5 {[%emt 0:05:00]} 10. b4 {[%emt 0:02:30]} Bf6 {[%emt 0:02:30]} 11. Bb2 {[%emt 0:08:30]} Kh8 {[%emt 0:03:30]} 12. b5 {[%emt 0:10:30]} Na5 {[%emt 0:24:30]} 13. e4 {[%emt 0:11:30]} f4 {[%emt 0:06:30]} 14. Ne2 {[%emt 0:04:30]} Qe8 {[%emt 0:02:30]} 15. a4 {[%emt 0:16:30]} Be6 {[%emt 0:06:30]} 16. Bxe5 {[%emt 0:05:30]} Bb3 {[%emt 0:09:30]} 17. Qd2 {[%emt 0:11:30]} Bxe5 {[%emt 0:01:30]} 18. Nxe5 {[%emt 0:01:30]} Qxe5 {[%emt 0:01:30]} 19. gxf4 {[%emt 0:00:00]} Qd6 {[%emt 0:00:30]} 20. Qxa5 {[%emt 0:01:00]} Qxd3 {[%emt 0:00:30]} 21. Nc1 {[%emt 0:02:30]} Qc2 {[%emt 0:00:30]} 22. Nxb3 {[%emt 0:00:30]} Qxb3 {[%emt 0:00:30]} 23. f5 {[%emt 0:00:30]} a6 {[%emt 0:00:30]} 24. bxa6 {[%emt 0:00:30]} Rxa6 {[%emt 0:00:30]} 25. Qc5 {[%emt 0:01:30]} Qf7 {[%emt 0:02:30]} 26. Rfc1 {[%emt 0:02:41]} c6 {[%emt 0:00:30]} 27. Qb4 {[%emt 0:04:35]} Re8 {[%emt 0:02:30]} 28. Bf1 {[%emt 0:03:04]} Qh5 {[%emt 0:01:30]} 29. Rc3 {[%emt 0:01:28]} c5 {[%emt 0:00:30]} 30. Qb1 {[%emt 0:02:31]} Nxa4 {[%emt 0:01:30]} 31. Rh3 {[%emt 0:00:22]} Qg4+ {[%emt 0:02:30]} 32. Rg3 {[%emt 0:00:06]} Qxe4 {[%emt 0:00:00]} 33. Qxe4 {[%emt 0:00:59]} Rxe4 {[%emt 0:00:00]} 34. Bxa6 {[%emt 0:00:10]} bxa6 {[%emt 0:00:00]} 35. Rga3 {[%emt 0:00:21]} Nb2 {[%emt 0:00:00]} 36. Rb3 {[%emt 0:01:03]} Rb4 {[%emt 0:00:30]} 37. Rxb4 {[%emt 0:00:00]} cxb4 {[%emt 0:00:30]} 38. Rb1 {[%emt 0:00:05]} 1-0

[Event "1st Sivas Buruciye Open 2019"]
[Site "Sivas"]
[Date "2019.08.22"]
[Round "6"]
[White "Abdulov, Orkhan"]
[Black "Darban, Morteza"]
[Result "1/2-1/2"]
[WhiteElo "2397"]
[BlackElo "2280"]
[Annotator "ChessBase"]
[PlyCount "49"]
[EventDate "2019.08.19"]
[EventType "swiss"]
[EventCountry "TUR"]
[SourceTitle "playchess.com"]
[Source "ChessBase"]
[SourceQuality "1"]
[TimeControl "5400+30"]

1. e4 {[%emt 0:06:30]} c5 {[%emt 0:01:30]} 2. d3 {[%emt 0:00:30]} Nc6 {[%emt 0:01:30]} 3. g3 {[%emt 0:00:30]} e6 {[%emt 0:01:30]} 4. Bg2 {[%emt 0:00:30]} d5 {[%emt 0:00:30]} 5. Nd2 {[%emt 0:00:00]} b6 {[%emt 0:03:30]} 6. Ne2 {[%emt 0:01:00]} Nf6 {[%emt 0:01:30]} 7. O-O {[%emt 0:00:30]} Bb7 {[%emt 0:02:30]} 8. exd5 {[%emt 0:03:30]} Nxd5 {[%emt 0:00:30]} 9. Nc4 {[%emt 0:05:30]} Be7 {[%emt 0:06:30]} 10. Nf4 {[%emt 0:03:30]} Nf6 {[%emt 0:00:00]} 11. Nh5 {[%emt 0:02:30]} O-O {[%emt 0:00:00]} 12. Nxf6+ {[%emt 0:00:30]} Bxf6 {[%emt 0:00:00]} 13. Bf4 {[%emt 0:00:30]} Qd7 {[%emt 0:00:00]} 14. Be4 {[%emt 0:02:30]} Rad8 {[%emt 0:11:30]} 15. c3 {[%emt 0:01:30]} g6 {[%emt 0:18:30]} 16. Qe2 {[%emt 0:05:30]} Bg7 {[%emt 0:00:30]} 17. Rad1 {[%emt 0:00:30]} e5 {[%emt 0:02:30]} 18. Nxe5 {[%emt 0:12:30]} Nxe5 {[%emt 0:01:30]} 19. Bxb7 {[%emt 0:01:30]} Qxb7 {[%emt 0:02:30]} 20. Bxe5 {[%emt 0:03:30]} Rfe8 {[%emt 0:00:30]} 21. d4 {[%emt 0:00:30]} cxd4 {[%emt 0:00:30]} 22. cxd4 {[%emt 0:00:30]} Qd5 {[%emt 0:00:30]} 23. Qa6 {[%emt 0:04:30]} Bxe5 {[%emt 0:00:30]} 24. dxe5 {[%emt 0:00:00]} Qxe5 {[%emt 0:00:30]} 25. Rxd8 {[%emt 0:04:00]} 1/2-1/2

[Event "1st Sivas Buruciye Open 2019"]
[Site "Sivas"]
[Date "2019.08.22"]
[Round "6"]
[White "Odeev, Handszar"]
[Black "Aliyev, Rasim"]
[Result "1/2-1/2"]
[WhiteElo "2360"]
[BlackElo "2139"]
[Annotator "NA"]
[PlyCount "94"]
[EventDate "2019.08.19"]
[EventType "swiss"]
[EventCountry "TUR"]
[SourceTitle "playchess.com"]
[Source "ChessBase"]
[SourceQuality "1"]
[TimeControl "5400+30"]

1. e4 {[%emt 0:12:30]} c6 {[%emt 0:00:30]} 2. Nc3 {[%emt 0:04:30]} d5 {[%emt 0:00:00]} 3. Nf3 {[%emt 0:00:30]} dxe4 {[%emt 0:00:00]} 4. Nxe4 {[%emt 0:00:30]} Nf6 {[%emt 0:00:30]} 5. Ng3 {[%emt 0:03:30]} h5 {[%emt 0:05:30]} 6. h3 {[%emt 0:00:30]} h4 {[%emt 0:05:30]} 7. Ne2 {[%emt 0:00:00]} Qa5 {[%emt 0:00:30]} 8. c3 {[%emt 0:02:00]} e5 {[%emt 0:03:30]} 9. d4 {[%emt 0:00:30]} e4 {[%emt 0:01:30]} 10. Ne5 {[%emt 0:00:00]} Nbd7 {[%emt 0:00:30]} 11. Nc4 {[%emt 0:11:00]} Qf5 {[%emt 0:07:30]} 12. Qb3 {[%emt 0:09:30]} Nd5 {[%emt 0:03:30]} 13. Ne3 {[%emt 0:01:30]} Nxe3 {[%emt 0:01:30]} 14. Bxe3 {[%emt 0:00:30]} Nb6 {[%emt 0:00:30]} 15. c4 {[%emt 0:01:30]} Be7 {[%emt 0:15:30]} 16. Nc3 {[%emt 0:02:30]} O-O {[%emt 0:05:30]} 17. O-O-O {[%emt 0:20:30]} Re8 {[%emt 0:10:30]} 18. Be2 {[%emt 0:01:30]} Bg5 {[%emt 0:02:30]} 19. Bg4 {[%emt 0:05:30]} Bxe3+ {[%emt 0:00:30]} 20. fxe3 {[%emt 0:00:30]} Qg5 {[%emt 0:00:30]} 21. Bxc8 {[%emt 0:00:30]} Qxe3+ {[%emt 0:00:30]} 22. Kb1 {[%emt 0:00:30]} Raxc8 {[%emt 0:00:30]} 23. Rhe1 {[%emt 0:08:51]} Qg5 {[%emt 0:14:30]} 24. a4 {[%emt 0:07:58]} e3 {[%emt 0:05:47]} 25. Re2 {[%emt 0:00:47]} Rcd8 {[%emt 0:02:10]} 26. a5 {[%emt 0:00:56]} Qf5+ {[%emt 0:01:04]} 27. Kc1 {[%emt 0:01:05]} Qxa5 {[%emt 0:00:35]} 28. c5 {[%emt 0:00:02]} Nd5 {[%emt 0:03:39]} 29. Nxd5 {[%emt 0:00:03]} Rxd5 {[%emt 0:00:10]} 30. Rxe3 {[%emt 0:00:11]} Red8 {[%emt 0:03:18]} 31. Re4 {[%emt 0:00:29]} Qa1+ {[%emt 0:01:13]} 32. Kc2 {[%emt 0:00:30]} Rxc5+ {[%emt 0:00:00]} 33. Kd3 {[%emt 0:02:02]} Qa6+ {[%emt 0:02:49]} 34. Ke3 {[%emt 0:00:03]} Rb5 {[%emt 0:00:34]} 35. Qc2 {[%emt 0:00:22]} Qb6 {[%emt 0:01:13]} 36. Rd2 {[%emt 0:01:37]} Qc7 {[%emt 0:00:20]} 37. Kf2 {[%emt 0:01:25]} Qh2 {[%emt 0:01:59]} 38. Rxh4 {[%emt 0:00:20]} g6 {[%emt 0:00:30]} 39. Rg4 {[%emt 0:00:04]} Kf8 {[%emt 0:00:02]} 40. Rd3 {[%emt 0:01:04]} Rf5+ {[%emt 0:00:36]} 41. Rf3 {[%emt 0:00:42]} Rxf3+ {[%emt 0:00:05]} 42. Kxf3 {[%emt 0:00:00]} Rd5 {[%emt 0:00:20]} 43. Rf4 {[%emt 0:00:00]} Rg5 {[%emt 0:00:36]} 44. Qf2 {[%emt 0:01:04]} Qxf4+ {[%emt 0:00:52]} 45. Kxf4 {[%emt 0:00:30]} Rf5+ {[%emt 0:00:30]} 46. Ke3 {[%emt 0:00:30]} Rxf2 {[%emt 0:00:30]} 47. Kxf2 {[%emt 0:00:00]} f5 {[%emt 0:00:00]} 1/2-1/2